[Event "Rated Blitz game"]
[Site "?"]
[Date "2021.03.07"]
[Round "?"]
[White "Smetanov_N"]
[Black "TheflexiblePanov"]
[Result "1-0"]
[WhiteElo "2396"]
[BlackElo "2699"]
[PlyCount "107"]
[EventDate "2021.??.??"]
[EventType "blitz"]
[TimeControl "180+2"]

1. e4 Nc6 2. Nc3 e5 3. Nf3 Nf6 4. Nxe5 Nxe5 5. d4 Ng6 6. e5 Ng8 7. Bc4 d5 8.
Bxd5 N8e7 9. Bc4 a6 10. Qf3 Nf5 11. g4 Qxd4 12. gxf5 Nxe5 13. Qe2 Bxf5 14. Bb3
O-O-O 15. Be3 Qg4 16. Qxg4 Bxg4 17. O-O Nf3+ 18. Kg2 Bd6 19. Bxf7 h5 20. Ne4
Rdf8 21. Nxd6+ cxd6 22. Bd5 h4 23. h3 Bh5 24. c4 Ne5 25. c5 dxc5 26. Bxc5 Rf6
27. Bd4 Rg6+ 28. Kh2 Nf3+ 29. Bxf3 Bxf3 30. Rg1 Rxg1 31. Rxg1 Rd8 32. Bxg7 Rd2
33. Rg5 Rxf2+ 34. Kg1 Re2 35. Kf1 Rh2 36. Rc5+ Kd7 37. Rc3 Rh1+ 38. Kf2 Bc6 39.
Bf6 Rh2+ 40. Kg1 Rxb2 41. Rd3+ Kc7 42. Bxb2 b5 43. Bf6 Be4 44. Rc3+ Kd6 45.
Bxh4 Kd5 46. Bf6 b4 47. Rc1 a5 48. h4 a4 49. Be7 b3 50. axb3 axb3 51. Bf6 Bg6
52. Kf2 b2 53. Bxb2 Bf7 54. Kg3 {Normal} 1-0

[Event "Rated Blitz game"]
[Site "?"]
[Date "2021.03.06"]
[Round "?"]
[White "Djprem0ve"]
[Black "Jager90"]
[Result "0-1"]
[WhiteElo "2465"]
[BlackElo "2467"]
[PlyCount "40"]
[EventDate "2021.??.??"]
[EventType "blitz"]
[TimeControl "180"]

1. e4 e5 2. Nf3 Nc6 3. Nc3 Nf6 4. Nxe5 Nxe5 5. d4 Ng6 6. e5 Ng8 7. Bc4 d6 8.
Qf3 Qd7 9. O-O c6 10. exd6 Nf6 11. Re1+ Kd8 12. Bg5 Bxd6 13. Ne4 Be7 14. Nc5
Qd6 15. Bxf7 Rf8 16. Bxg6 hxg6 17. Bf4 Qd5 18. Qe2 Re8 19. Bg5 Bd7 20. h4 Bxc5
{Normal} 0-1

[Event "Rated Blitz game"]
[Site "?"]
[Date "2021.03.05"]
[Round "?"]
[White "FallschirmSpringer"]
[Black "TsapulinAnatoly"]
[Result "0-1"]
[WhiteElo "2488"]
[BlackElo "2510"]
[PlyCount "44"]
[EventDate "2021.??.??"]
[EventType "blitz"]
[TimeControl "180"]

1. e4 e5 2. Nf3 Nf6 3. Nc3 Nc6 4. Nxe5 Nxe5 5. d4 Ng6 6. e5 Ng8 7. Bc4 d6 8.
Qf3 f6 9. O-O dxe5 10. Bxg8 Rxg8 11. dxe5 Nxe5 12. Qh5+ g6 13. Qxh7 Rg7 14. Qh8
Qe7 15. Nd5 Qd6 16. Bh6 Rf7 17. Rad1 Bf5 18. f4 O-O-O 19. fxe5 fxe5 20. Bxf8
Rdxf8 21. Qh4 Bxc2 22. Rd2 Rxf1# {Normal} 0-1

[Event "Rated Blitz tournament ZEpFCc0D"]
[Site "?"]
[Date "2021.03.05"]
[Round "?"]
[White "kahvitauko"]
[Black "Kingwannabe"]
[Result "0-1"]
[WhiteElo "2478"]
[BlackElo "2302"]
[PlyCount "86"]
[EventDate "2021.??.??"]
[EventType "blitz"]
[TimeControl "300"]

1. e4 Nf6 2. Nc3 e5 3. Nf3 Nc6 4. Nxe5 Nxe5 5. d4 Bb4 6. dxe5 Nxe4 7. Qd4 Bxc3+
8. bxc3 Ng5 9. Ba3 Ne6 10. Qd2 b6 11. Bc4 Bb7 12. O-O Qh4 13. f4 O-O-O 14. Rf2
g5 15. g3 Qh5 16. f5 Nf4 17. gxf4 gxf4 18. Bd5 Rhg8+ 19. Kf1 Ba6+ 20. c4 Qh3+
21. Ke1 Qxa3 22. Rd1 Rde8 23. Qxf4 Qc3+ 24. Kf1 Rxe5 25. Rf3 Qxc2 26. Qd2 Bxc4+
27. Bxc4 Qxc4+ 28. Kf2 Qh4+ 29. Kf1 Qg4 30. Rg3 Qxf5+ 31. Kg1 Rxg3+ 32. hxg3
Qh3 33. Qf2 Rh5 34. Qf3 Qh2+ 35. Kf1 Qh1+ 36. Qxh1 Rxh1+ 37. Ke2 Rxd1 38. Kxd1
d5 39. Ke2 Kd7 40. Ke3 Kd6 41. Kf4 c5 42. Kf5 c4 43. g4 c3 {Normal} 0-1

[Event "Rated Blitz game"]
[Site "?"]
[Date "2021.03.05"]
[Round "?"]
[White "lederman"]
[Black "ikey80"]
[Result "0-1"]
[WhiteElo "2425"]
[BlackElo "2450"]
[PlyCount "72"]
[EventDate "2021.??.??"]
[EventType "blitz"]
[TimeControl "180+2"]

1. e4 e5 2. Nf3 Nc6 3. Nc3 Nf6 4. Nxe5 Nxe5 5. d4 Ng6 6. e5 Ng8 7. Bc4 c6 8.
Qf3 d5 9. exd6 Nf6 10. Qe2+ Kd7 11. d5 Qe8 12. Be3 Bxd6 13. dxc6+ bxc6 14.
O-O-O Kc7 15. Rhe1 Be6 16. Bb3 Bxb3 17. axb3 Qe5 18. Qa6 Rhb8 19. Qc4 Kb7 20.
Qxf7+ Qe7 21. Qc4 Ne5 22. Qa4 Qc7 23. f4 Ned7 24. g3 Nb6 25. Qa5 Re8 26. Qg5
Re7 27. Bd4 Rae8 28. Rxe7 Qxe7 29. Bxf6 gxf6 30. Qf5 Bb4 31. Na4 Nd5 32. Kb1
Qe4 33. Qh5 Re7 34. Ka2 Qxc2 35. Rd4 Re1 36. Qf7+ Nc7 {Time forfeit} 0-1

[Event "Rated Blitz tournament j8fdjbKw"]
[Site "?"]
[Date "2021.03.05"]
[Round "?"]
[White "vovaches"]
[Black "renr8360"]
[Result "1-0"]
[WhiteElo "2574"]
[BlackElo "2365"]
[PlyCount "53"]
[EventDate "2021.??.??"]
[EventType "blitz"]
[TimeControl "180"]

1. e4 e5 2. Nf3 Nc6 3. Nc3 Nf6 4. Nxe5 Nxe5 5. d4 Nc6 6. e5 Bb4 7. exf6 Qxf6 8.
Be3 d5 9. Be2 O-O 10. O-O Be6 11. Bf3 Rad8 12. Ne2 Bd6 13. c3 Ne7 14. Qd2 h6
15. Bf4 c6 16. Rfe1 Ng6 17. Bxd6 Rxd6 18. Ng3 Nf4 19. Re5 Ng6 20. Rae1 Bh3 21.
Nh5 Nxe5 22. Nxf6+ Rxf6 23. dxe5 Rxf3 24. gxf3 Re8 25. e6 fxe6 26. Qf4 Bf5 27.
Qxf5 {Normal} 1-0

[Event "Rated Rapid game"]
[Site "?"]
[Date "2021.03.04"]
[Round "?"]
[White "khalid_ontawar"]
[Black "MassterofMayhem"]
[Result "0-1"]
[WhiteElo "2240"]
[BlackElo "2468"]
[PlyCount "141"]
[EventDate "2021.??.??"]
[EventType "rapid"]
[TimeControl "15+20"]

1. e4 e5 2. Nc3 Nf6 3. Nf3 Nc6 4. Nxe5 Nxe5 5. d4 Nc6 6. d5 Ne5 7. f4 Ng6 8. e5
Ng8 9. d6 cxd6 10. exd6 Qb6 11. Nb5 Kd8 12. Qd3 a6 13. Nc7 Rb8 14. Nd5 Qxd6 15.
Be3 b5 16. O-O-O Nf6 17. Nxf6 Qxf6 18. g3 Ne7 19. Bh3 Qc6 20. Rhe1 d5 21. Bg2
Bf5 22. Qd2 Be6 23. Bd4 Nf5 24. g4 Nxd4 25. Qxd4 Qc4 26. Qa7 Qxf4+ 27. Kb1 Qc7
28. Qxa6 Qb6 29. Qxb6+ Rxb6 30. Bxd5 Kc7 31. Bxe6 Rxe6 32. Rf1 f6 33. Rf5 Re5
34. Rf3 Bc5 35. Rfd3 Re7 36. a3 Rhe8 37. Rc3 Kb6 38. b4 Be3 39. Rd6+ Kb7 40.
Rd5 Bb6 41. Rxb5 Re5 42. Rcc5 Ka6 43. Rxe5 Rxe5 44. Rxe5 fxe5 45. c4 Bd4 46.
Kc2 e4 47. h3 Kb6 48. a4 Kc6 49. a5 g6 50. Kd2 h5 51. gxh5 gxh5 52. Kc2 Kd6 53.
Kb3 Ke5 54. b5 Kd6 55. b6 Kc6 56. Kc2 Kb7 57. Kd2 Ka6 58. Ke2 Kb7 59. Kd2 Kc6
60. Ke2 Kd6 61. Kd2 Bc5 62. Ke2 Ke5 63. b7 Ba7 64. a6 Kd4 65. Kd2 Kxc4 66. Ke2
Kd4 67. Kd2 e3+ 68. Ke2 Ke4 69. Kf1 Kf3 70. h4 e2+ 71. Ke1 {Normal} 0-1

[Event "Rated Blitz game"]
[Site "?"]
[Date "2021.03.04"]
[Round "?"]
[White "lederman"]
[Black "magila"]
[Result "1-0"]
[WhiteElo "2417"]
[BlackElo "2419"]
[PlyCount "37"]
[EventDate "2021.??.??"]
[EventType "blitz"]
[TimeControl "180+2"]

1. e4 e5 2. Nf3 Nc6 3. Nc3 Nf6 4. Nxe5 Nxe5 5. d4 Ng6 6. e5 Ng4 7. Qxg4 d6 8.
Qe4 Be7 9. Bd3 O-O 10. O-O c6 11. Bd2 d5 12. Qe2 Qb6 13. Qe3 Qxb2 14. Rab1 Qa3
15. f4 Nh4 16. f5 g6 17. Rb3 Qa5 18. f6 Bb4 19. Qh6 {Time forfeit} 1-0

[Event "Rated Rapid tournament JWYYlSoN"]
[Site "?"]
[Date "2021.03.04"]
[Round "?"]
[White "benjaminkreutzfeld"]
[Black "gkoul"]
[Result "1-0"]
[WhiteElo "2478"]
[BlackElo "2249"]
[PlyCount "61"]
[EventDate "2021.??.??"]
[EventType "rapid"]
[TimeControl "600"]

1. e4 e5 2. Nf3 Nc6 3. Nc3 Nf6 4. Nxe5 Nxe5 5. d4 Ng6 6. e5 d5 7. exf6 gxf6 8.
Bd3 Bb4 9. O-O Be6 10. Qf3 c6 11. Re1 Qe7 12. Bd2 Bxc3 13. Bxc3 O-O-O 14. a4 h5
15. a5 Rdg8 16. g3 h4 17. a6 b6 18. Ra3 hxg3 19. fxg3 Qd6 20. Bd2 Nh4 21. Qf2
Bg4 22. Bf4 Qd7 23. gxh4 Bh3+ 24. Bg3 Rxh4 25. Rc3 f5 26. Bb5 Rg6 27. Bxc6 Rxc6
28. Rxc6+ Qxc6 29. Bxh4 f4 30. Qxf4 Qxc2 31. Rc1 {Normal} 1-0

[Event "Rated Blitz game"]
[Site "?"]
[Date "2021.03.04"]
[Round "?"]
[White "vladlitus"]
[Black "VladmirCortelinho"]
[Result "1-0"]
[WhiteElo "2371"]
[BlackElo "2407"]
[PlyCount "49"]
[EventDate "2021.??.??"]
[EventType "blitz"]
[TimeControl "180"]

1. e4 e5 2. Nc3 Nc6 3. Nf3 Nf6 4. Nxe5 Nxe5 5. d4 Nc6 6. d5 Nb8 7. e5 Ng8 8. d6
Nc6 9. Nb5 cxd6 10. exd6 Bxd6 11. Nxd6+ Kf8 12. Bc4 Qe7+ 13. Be3 Ne5 14. Bb3
Nf6 15. O-O Nfg4 16. Bc5 Kg8 17. h3 Qh4 18. Nf5 Qg5 19. Ne7+ Kf8 20. Nxc8+ Ke8
21. Nd6+ Kd8 22. f4 Qh4 23. fxe5 Nxe5 24. Nxf7+ Nxf7 25. Rxf7 {Normal} 1-0

[Event "Rated Blitz game"]
[Site "?"]
[Date "2021.03.04"]
[Round "?"]
[White "Cuackiera"]
[Black "WHice"]
[Result "0-1"]
[WhiteElo "2298"]
[BlackElo "2475"]
[PlyCount "86"]
[EventDate "2021.??.??"]
[EventType "blitz"]
[TimeControl "180"]

1. e4 e5 2. Nc3 Nc6 3. Nf3 Nf6 4. Nxe5 Nxe5 5. d4 Nc6 6. d5 Ne5 7. f4 Ng6 8. e5
Ng8 9. d6 cxd6 10. exd6 Bxd6 11. Qxd6 N8e7 12. Bc4 O-O 13. O-O Nf5 14. Qd3 d6
15. g4 Qb6+ 16. Kh1 Nfh4 17. Nd5 Qc6 18. Bb5 Qc5 19. Be3 Qxb5 20. Qxb5 Bxg4 21.
c4 a6 22. Qb3 Rae8 23. Rae1 Nf3 24. Bf2 Nxe1 25. Rxe1 Rb8 26. h3 Be6 27. Qf3
Bf5 28. Ne7+ Nxe7 29. Rxe7 b5 30. c5 dxc5 31. Bxc5 Rfd8 32. Kh2 g6 33. b4 Rd2+
34. Kg1 Rbd8 35. Re2 R2d3 36. Re8+ Rxe8 37. Qc6 Red8 38. Kf2 Rxh3 39. Qf6 Rd2+
40. Ke1 Rhh2 41. Qb6 Rhe2+ 42. Kf1 Bh3+ 43. Kg1 Rd1# {Normal} 0-1

[Event "Rated Rapid tournament cQkWUxZy"]
[Site "?"]
[Date "2021.03.03"]
[Round "?"]
[White "benjaminkreutzfeld"]
[Black "lemarzio"]
[Result "1/2-1/2"]
[WhiteElo "2457"]
[BlackElo "2383"]
[PlyCount "64"]
[EventDate "2021.??.??"]
[EventType "rapid"]
[TimeControl "600"]

1. e4 e5 2. Nf3 Nc6 3. Nc3 Nf6 4. Nxe5 Nxe5 5. d4 Ng6 6. e5 Ng8 7. Bc4 d5 8.
Bxd5 Bb4 9. Qf3 Qd7 10. O-O c6 11. Bb3 Nh4 12. Qh5 Ng6 13. Ne4 Qg4 14. Qxg4
Bxg4 15. Bg5 h6 16. Be3 Bf5 17. Ng3 Be6 18. c3 Be7 19. f4 Nh4 20. f5 Bxb3 21.
axb3 g6 22. f6 Bd8 23. Bf4 Bb6 24. Ne4 O-O-O 25. h3 Nf5 26. Ra4 h5 27. g3 Ngh6
28. Kg2 Rd5 29. Kf3 Nxd4+ 30. cxd4 Nf5 31. Kg2 Bxd4 32. Re1 Re8 {Normal}
1/2-1/2

[Event "Rated Blitz game"]
[Site "?"]
[Date "2021.03.03"]
[Round "?"]
[White "lavilaine"]
[Black "JohnChapman"]
[Result "0-1"]
[WhiteElo "2349"]
[BlackElo "2466"]
[PlyCount "46"]
[EventDate "2021.??.??"]
[EventType "blitz"]
[TimeControl "180"]

1. e4 e5 2. Nf3 Nc6 3. Nc3 Nf6 4. Nxe5 Nxe5 5. d4 d6 6. dxe5 dxe5 7. Qxd8+ Kxd8
8. Bg5 c6 9. O-O-O+ Kc7 10. Bxf6 gxf6 11. f3 h5 12. Bc4 Be6 13. Bxe6 fxe6 14.
g4 Bc5 15. Rd3 Rag8 16. Rhd1 hxg4 17. Rd7+ Kb8 18. Rf7 gxf3 19. Rdd7 Be3+ 20.
Kb1 Rg1+ 21. Nd1 f2 22. Rxb7+ Ka8 23. Rxa7+ Bxa7 {Normal} 0-1

[Event "Rated Blitz game"]
[Site "?"]
[Date "2021.03.03"]
[Round "?"]
[White "Vihajaisestatulesta"]
[Black "jdac23"]
[Result "1-0"]
[WhiteElo "2360"]
[BlackElo "2403"]
[PlyCount "117"]
[EventDate "2021.??.??"]
[EventType "blitz"]
[TimeControl "180"]

1. e4 e5 2. Nf3 Nc6 3. Nc3 Nf6 4. Nxe5 Nxe5 5. d4 Ng6 6. e5 Ng8 7. Bc4 Bb4 8.
O-O N8e7 9. Ne4 d5 10. exd6 Bxd6 11. Ng5 Be6 12. Bxe6 fxe6 13. Nxe6 Qd7 14.
Nxg7+ Kf7 15. Nh5 Rhf8 16. Bh6 Qf5 17. Bxf8 Rxf8 18. Ng3 Qd5 19. c4 Qxc4 20.
Rc1 Qd5 21. Re1 Nf4 22. f3 Neg6 23. Re4 Kg8 24. Qb3 Qxb3 25. axb3 Nd5 26. Rce1
Bxg3 27. hxg3 Rf6 28. Re6 Rxe6 29. Rxe6 Kf7 30. Re2 Nge7 31. g4 Nc6 32. Rd2
Ncb4 33. g3 Ne3 34. Kf2 Ned5 35. f4 c6 36. Kf3 Kf6 37. Rh2 Kg7 38. g5 Nd3 39.
f5 Ne1+ 40. Ke2 Nc2 41. Kd3 Ncb4+ 42. Ke4 b6 43. Rh6 a5 44. f6+ Kg8 45. Kf5 Nc2
46. g6 hxg6+ 47. Rxg6+ Kf8 48. Rh6 Nxd4+ 49. Kg6 Ke8 50. Rh8+ Kd7 51. f7 Ne6
52. f8=Q Ne7+ 53. Qxe7+ Kxe7 54. Rb8 b5 55. g4 Nf4+ 56. Kf5 Nd5 57. g5 a4 58.
bxa4 bxa4 59. Ra8 {Normal} 1-0

[Event "Rated Rapid tournament cQkWUxZy"]
[Site "?"]
[Date "2021.03.03"]
[Round "?"]
[White "benjaminkreutzfeld"]
[Black "DJOKO_NPC_JEPARA"]
[Result "1-0"]
[WhiteElo "2458"]
[BlackElo "2213"]
[PlyCount "52"]
[EventDate "2021.??.??"]
[EventType "rapid"]
[TimeControl "600"]

1. e4 e5 2. Nf3 Nc6 3. Nc3 Nf6 4. Nxe5 Nxe5 5. d4 Ng6 6. e5 Bb4 7. exf6 Bxc3+
8. bxc3 Qxf6 9. Bd3 O-O 10. O-O d6 11. Rb1 Rb8 12. Bd2 Be6 13. Re1 b6 14. Qc1
h6 15. Re3 c5 16. Rf3 Qh4 17. Rg3 Qf6 18. Qa3 a5 19. c4 Rfe8 20. d5 Bd7 21. Bc3
Ne5 22. Re1 Qh4 23. Qc1 Nxc4 24. Rxg7+ Kf8 25. Rxe8+ Rxe8 26. g3 Re1+ {Normal}
1-0

[Event "Rated Blitz game"]
[Site "?"]
[Date "2021.03.03"]
[Round "?"]
[White "xenta_absenta"]
[Black "Lelatoreli"]
[Result "1-0"]
[WhiteElo "2388"]
[BlackElo "2518"]
[PlyCount "107"]
[EventDate "2021.??.??"]
[EventType "blitz"]
[TimeControl "180"]

1. e4 e5 2. Nf3 Nc6 3. Nc3 Nf6 4. Nxe5 Nxe5 5. d4 Ng6 6. e5 Ng8 7. Bc4 d5 8.
Bxd5 c6 9. Bb3 Be6 10. Bxe6 fxe6 11. Qg4 Qd7 12. Bd2 O-O-O 13. O-O-O N8e7 14.
Bg5 h6 15. Be3 h5 16. Qe2 Nf5 17. Ne4 Kb8 18. Kb1 Be7 19. c3 Nxe3 20. fxe3 Qd5
21. Nd2 Rdf8 22. Nf3 Qe4+ 23. Ka1 h4 24. h3 Rc8 25. Nd2 Qd5 26. e4 Qd8 27. Rhf1
Bg5 28. Qg4 Bxd2 29. Rxd2 Qe8 30. Rdf2 c5 31. Rf7 Nf8 32. Qxg7 Qb5 33. Rxf8
Rhxf8 34. Rxf8 cxd4 35. Rxc8+ Kxc8 36. Qf8+ Kc7 37. Qd6+ Kc8 38. Qxe6+ Kc7 39.
Qd6+ Kc8 40. Qf8+ Kc7 41. cxd4 Qe2 42. Qc5+ Kd7 43. Qd5+ Ke7 44. a3 Qxg2 45.
Qd6+ Ke8 46. Qe6+ Kd8 47. Qd5+ Kc7 48. e6 Qxh3 49. Qd7+ Kb6 50. Qd6+ Kb5 51.
Qc5+ Ka6 52. e7 Qd7 53. e5 h3 54. Qc4+ {Time forfeit} 1-0

[Event "Rated Rapid tournament gYFHkrXu"]
[Site "?"]
[Date "2021.03.02"]
[Round "?"]
[White "benjaminkreutzfeld"]
[Black "akashsp"]
[Result "1-0"]
[WhiteElo "2433"]
[BlackElo "2311"]
[PlyCount "93"]
[EventDate "2021.??.??"]
[EventType "rapid"]
[TimeControl "600"]

1. e4 Nf6 2. Nc3 e5 3. Nf3 Nc6 4. Nxe5 Nxe5 5. d4 Ng6 6. e5 Ng8 7. Bc4 d6 8.
Qf3 Qd7 9. O-O c6 10. Re1 d5 11. Bd3 Qg4 12. Qe3 N8e7 13. f3 Qh4 14. g3 Qh3 15.
Bd2 Nf5 16. Qf2 Nfe7 17. Na4 b6 18. Rad1 h5 19. b3 Qe6 20. h4 Bb7 21. Kg2 Nf5
22. c4 Nge7 23. Bg5 g6 24. c5 b5 25. Nc3 a5 26. a4 b4 27. Ne2 Ba6 28. Nf4 Qc8
29. e6 Bxd3 30. Rxd3 Ra7 31. exf7+ Kxf7 32. Ne6 Bh6 33. Bxh6 Nxh6 34. Qe3 Nef5
35. Qf4 Re7 36. Ng5+ Kg7 37. Rxe7+ Nxe7 38. Qe5+ Kf8 39. Qxh8+ Nhg8 40. Nh7+
Kf7 41. Re3 Nf5 42. Ng5+ Kf8 43. Ne6+ Kf7 44. Qh7+ Kf6 45. Qh8+ Kf7 46. Re2 Qd7
47. Qh7+ {Normal} 1-0

[Event "Rated Rapid tournament OJ7gHzK5"]
[Site "?"]
[Date "2021.03.02"]
[Round "?"]
[White "benjaminkreutzfeld"]
[Black "seruka"]
[Result "1/2-1/2"]
[WhiteElo "2435"]
[BlackElo "2384"]
[PlyCount "66"]
[EventDate "2021.??.??"]
[EventType "rapid"]
[TimeControl "600"]

1. e4 e5 2. Nf3 Nc6 3. Nc3 Nf6 4. Nxe5 Nxe5 5. d4 Ng6 6. e5 Ng8 7. Bc4 d6 8.
Qf3 f6 9. e6 c6 10. O-O d5 11. Bd3 Bd6 12. Re1 N8e7 13. g3 O-O 14. Bd2 Qb6 15.
Rad1 Qxd4 16. Bf4 Qb4 17. a3 Qc5 18. Na4 Qa5 19. Bxd6 Qxa4 20. b3 Qa5 21. Bxg6
Nxg6 22. Bxf8 Kxf8 23. Qh5 Kg8 24. Re2 Qxa3 25. e7 Bd7 26. Rxd5 cxd5 27. Qxd5+
Kh8 28. Qxd7 Nxe7 29. Rxe7 Rg8 30. Qxb7 Qc1+ 31. Kg2 Qxc2 32. Rc7 Qd3 33. b4 a6
{Normal} 1/2-1/2

[Event "Rated Blitz game"]
[Site "?"]
[Date "2021.03.02"]
[Round "?"]
[White "lederman"]
[Black "sixfourwise"]
[Result "1/2-1/2"]
[WhiteElo "2407"]
[BlackElo "2437"]
[PlyCount "97"]
[EventDate "2021.??.??"]
[EventType "blitz"]
[TimeControl "180+2"]

1. e4 e5 2. Nf3 Nc6 3. Nc3 Nf6 4. Nxe5 Nxe5 5. d4 Nc6 6. d5 Ne5 7. f4 Ng6 8. e5
Bb4 9. exf6 Qxf6 10. Qf3 O-O 11. Be2 Nh4 12. Qg3 Bxc3+ 13. bxc3 Nxg2+ 14. Kf2
Nh4 15. Be3 Nf5 16. Qg5 Qxg5 17. fxg5 Nxe3 18. Kxe3 Re8+ 19. Kd2 Re5 20. c4
Rxg5 21. d6 cxd6 22. Bf3 d5 23. Bxd5 d6 24. Rae1 Re5 25. Rxe5 dxe5 26. Re1 Be6
27. Bxe6 fxe6 28. Rxe5 Kf7 29. h4 Rc8 30. Kd3 Kf6 31. Rb5 b6 32. Kd4 h6 33. a4
g5 34. hxg5+ hxg5 35. a5 g4 36. axb6 axb6 37. Rxb6 g3 38. Rb3 Rg8 39. Rf3+ Ke7
40. Rf1 g2 41. Rg1 Rg4+ 42. Ke3 Kd6 43. Kf3 Rg6 44. Rxg2 Rxg2 45. Kxg2 Kc5 46.
Kf3 Kxc4 47. Ke4 Kc3 48. Ke5 Kxc2 49. Kxe6 {Normal} 1/2-1/2

[Event "Rated Blitz game"]
[Site "?"]
[Date "2021.03.02"]
[Round "?"]
[White "lederman"]
[Black "scrwlchss"]
[Result "0-1"]
[WhiteElo "2411"]
[BlackElo "2485"]
[PlyCount "108"]
[EventDate "2021.??.??"]
[EventType "blitz"]
[TimeControl "180+2"]

1. e4 e5 2. Nf3 Nc6 3. Nc3 Nf6 4. Nxe5 Nxe5 5. d4 Ng6 6. e5 Bb4 7. exf6 Qxf6 8.
Bc4 O-O 9. O-O c6 10. Ne4 Qh4 11. Bd3 d5 12. g3 Qg4 13. f3 Qh5 14. Nf2 Bd6 15.
f4 Qxd1 16. Nxd1 Re8 17. Bd2 Ne7 18. Ne3 f6 19. Kg2 Bd7 20. g4 Ng6 21. Nf5 Bxf5
22. gxf5 Nf8 23. Kf3 Nd7 24. Rg1 Kf7 25. Rg2 Bf8 26. Re2 Rxe2 27. Bxe2 Nb6 28.
b3 a5 29. a4 Nc8 30. Kf2 Nd6 31. Bh5+ g6 32. fxg6+ hxg6 33. Bf3 Bg7 34. Rh1 f5
35. h4 Bxd4+ 36. Kg3 Ne4+ 37. Bxe4 dxe4 38. h5 b6 39. h6 Rh8 40. Rh2 Rh7 41. c3
Bc5 42. Kg2 Bf8 43. Be3 c5 44. Kg3 Rxh6 45. Rd2 Ke6 46. b4 cxb4 47. cxb4 Bxb4
48. Rb2 Bc5 49. Bxc5 bxc5 50. Rb5 Kd5 51. Rxa5 Kd4 52. Ra8 Rh1 53. Rd8+ Ke3 54.
a5 Ra1 {Normal} 0-1

[Event "Rated Blitz game"]
[Site "?"]
[Date "2021.03.02"]
[Round "?"]
[White "FizmatSos"]
[Black "SrPopando"]
[Result "1/2-1/2"]
[WhiteElo "2477"]
[BlackElo "2490"]
[PlyCount "53"]
[EventDate "2021.??.??"]
[EventType "blitz"]
[TimeControl "180+2"]

1. e4 e5 2. Nf3 Nc6 3. Nc3 Nf6 4. Nxe5 Nxe5 5. d4 Ng6 6. e5 Ng8 7. Bc4 c6 8.
Qf3 f5 9. Bd2 d5 10. exd6 Bxd6 11. O-O-O N8e7 12. Kb1 b5 13. Bb3 a5 14. a3 b4
15. Na4 Nd5 16. c3 bxc3 17. Nxc3 Nge7 18. Bg5 Rb8 19. Bxd5 cxd5 20. Nxd5 Bb7
21. Rhe1 Bxd5 22. Qxd5 Rxb2+ 23. Kxb2 Bxa3+ 24. Kxa3 Qxd5 25. Rxe7+ Kf8 26. Rc1
Qd6+ 27. Ka2 {Normal} 1/2-1/2

[Event "Rated Blitz game"]
[Site "?"]
[Date "2021.03.02"]
[Round "?"]
[White "lederman"]
[Black "SrPopando"]
[Result "1-0"]
[WhiteElo "2407"]
[BlackElo "2510"]
[PlyCount "67"]
[EventDate "2021.??.??"]
[EventType "blitz"]
[TimeControl "180+2"]

1. e4 e5 2. Nf3 Nc6 3. Nc3 Nf6 4. Nxe5 Nxe5 5. d4 Ng6 6. e5 Ng8 7. Bc4 c6 8.
Qf3 f5 9. Bxg8 Rxg8 10. Qxf5 d5 11. Qd3 Be6 12. h4 Bb4 13. h5 Nf8 14. Bd2 Qd7
15. Ne2 Bf5 16. Qb3 Bxd2+ 17. Kxd2 Ne6 18. f3 h6 19. g4 Bh7 20. f4 Be4 21. f5
Ng5 22. Rhf1 Bf3 23. Rxf3 Nxf3+ 24. Qxf3 c5 25. Rd1 O-O-O 26. Kc1 c4 27. Nf4
Qa4 28. Kb1 Qa5 29. Ne6 Rd7 30. g5 hxg5 31. Qg4 Kb8 32. Qxg5 c3 33. Nc5 Qb4 34.
Nxd7+ {Normal} 1-0

[Event "Rated Blitz game"]
[Site "?"]
[Date "2021.03.02"]
[Round "?"]
[White "Ricardo_Airado"]
[Black "Ushkothebear"]
[Result "0-1"]
[WhiteElo "2269"]
[BlackElo "2403"]
[PlyCount "42"]
[EventDate "2021.??.??"]
[EventType "blitz"]
[TimeControl "180"]

1. e4 e5 2. Nf3 Nc6 3. Nc3 Nf6 4. Nxe5 Nxe5 5. d4 Ng6 6. e5 Ng8 7. Bc4 d5 8.
Bxd5 c6 9. Bb3 Bb4 10. O-O Bxc3 11. bxc3 Be6 12. f4 N8e7 13. Qh5 Qd7 14. Ba3
Bg4 15. e6 Bxh5 16. exd7+ Kxd7 17. f5 Nh4 18. f6 gxf6 19. Rxf6 Nd5 20. Rd6+ Kc7
21. c4 Nf5 {Normal} 0-1

[Event "Rated Rapid tournament gYFHkrXu"]
[Site "?"]
[Date "2021.03.02"]
[Round "?"]
[White "benjaminkreutzfeld"]
[Black "liucik"]
[Result "1-0"]
[WhiteElo "2438"]
[BlackElo "2260"]
[PlyCount "71"]
[EventDate "2021.??.??"]
[EventType "rapid"]
[TimeControl "600"]

1. e4 e5 2. Nf3 Nc6 3. Nc3 Nf6 4. Nxe5 Nxe5 5. d4 Bb4 6. dxe5 Nxe4 7. Qd4 Bxc3+
8. bxc3 d5 9. Ba3 c5 10. Bxc5 Nxc5 11. Qxc5 Qe7 12. Qxd5 O-O 13. Bd3 Bd7 14.
O-O Bc6 15. Qd6 Qh4 16. f3 Rad8 17. Qb4 Qg5 18. Rae1 Rfe8 19. Rf2 Rxe5 20. Rxe5
Qxe5 21. Bxh7+ Kh8 22. Bd3 Qe1+ 23. Rf1 Qe3+ 24. Kh1 Qh6 25. Qc5 b6 26. Qe5 Re8
27. Qg3 g6 28. Bc4 Kg7 29. Qc7 g5 30. Qxf7+ Kh8 31. Qxa7 Qf6 32. Qxb6 g4 33.
Bd5 gxf3 34. Qxc6 fxg2+ 35. Bxg2 Qxc6 36. Bxc6 {Time forfeit} 1-0

[Event "Rated Blitz game"]
[Site "?"]
[Date "2021.03.01"]
[Round "?"]
[White "JakeShneiper"]
[Black "subtleties30"]
[Result "1-0"]
[WhiteElo "2269"]
[BlackElo "2433"]
[PlyCount "105"]
[EventDate "2021.??.??"]
[EventType "blitz"]
[TimeControl "180"]

1. e4 e5 2. Nf3 Nc6 3. Nc3 Nf6 4. Nxe5 Nxe5 5. d4 Ng6 6. e5 Ng8 7. Bc4 d5 8.
Bxd5 Be6 9. Bxb7 Rb8 10. Bc6+ Bd7 11. Be4 Bb4 12. O-O Bxc3 13. bxc3 N8e7 14. f4
Bf5 15. Qd3 Bxe4 16. Qxe4 Qd5 17. Qd3 Nh4 18. Qh3 Nhf5 19. g4 Nxd4 20. cxd4
Qxd4+ 21. Be3 Qe4 22. Qf3 Qxc2 23. Rac1 Qxa2 24. Rxc7 Nd5 25. Bc5 Nxc7 26. Qc6+
Kd8 27. Rd1+ Kc8 28. Bd6 Qa5 29. Rc1 Rb7 30. e6 fxe6 31. Bxc7 Rxc7 32. Qa8+ Kd7
33. Rd1+ Ke7 34. Qxh8 Qb6+ 35. Kh1 Qc6+ 36. Kg1 Qf3 37. Qxg7+ Ke8 38. Qg8+ Ke7
39. Qd8+ Kf7 40. Qxc7+ Kg6 41. Qc2+ Kh6 42. Rf1 Qe3+ 43. Qf2 Qe4 44. Qf3 Qd4+
45. Kh1 Qd2 46. Qh3+ Kg7 47. Rg1 Qd5+ 48. Qg2 Qxg2+ 49. Kxg2 Kf6 50. Rf1 a5 51.
Rf2 a4 52. Re2 a3 53. Rd2 {Time forfeit} 1-0

[Event "Rated Blitz tournament CFWpG0Bx"]
[Site "?"]
[Date "2021.03.01"]
[Round "?"]
[White "Muhamet1"]
[Black "amaidel"]
[Result "0-1"]
[WhiteElo "2393"]
[BlackElo "2493"]
[PlyCount "84"]
[EventDate "2021.??.??"]
[EventType "blitz"]
[TimeControl "180"]

1. e4 e5 2. Nf3 Nf6 3. Nc3 Nc6 4. Nxe5 Nxe5 5. d4 Nc6 6. e5 Bb4 7. exf6 Qxf6 8.
Be3 O-O 9. Bd3 d5 10. O-O Bxc3 11. bxc3 Bf5 12. Qf3 Ne7 13. Rab1 b6 14. Rfe1
Rfe8 15. Qg3 Bxd3 16. cxd3 Qc6 17. Rbc1 Nf5 18. Qf3 Nxe3 19. fxe3 Qd6 20. e4
dxe4 21. dxe4 c5 22. e5 Qc7 23. Rcd1 cxd4 24. cxd4 Rad8 25. h4 Qc2 26. d5 Qxa2
27. d6 Qe6 28. h5 h6 29. Rd4 f6 30. Rg4 fxe5 31. Rg6 Qf7 32. Qg3 Re6 33. Rxe5
Rexd6 34. Re4 Rxg6 35. hxg6 Qf6 36. Rf4 Qd6 37. Qb3+ Kh8 38. Qg3 a5 39. Kh2 b5
40. Kh3 a4 41. Qf3 a3 42. Qb3 Qxf4 {Normal} 0-1